| 000 | 00402nam a22001697a 4500 | ||
|---|---|---|---|
| 003 | MPLRDC | ||
| 005 | 20220104171952.0 | ||
| 008 | 210129b ||||| |||| 00| 0 eng d | ||
| 082 | _a992.986 HUL | ||
| 100 | _aARTHUR HULLETT | ||
| 245 |
_aPAPINEAU'S GUIDE TO MALAYSIA _c |
||
| 250 | _a初版 | ||
| 260 |
_a _bMPH _c1984 |
||
| 300 | _b平 | ||
| 650 | _a各国观光事业 | ||
| 942 |
_cBK _o992.986 HUL |
||
| 999 |
_c58712 _d58702 |
||